Všeobecné hospodářské dějiny 19. a 20. století
Saved in:
| Main Author: | |
|---|---|
| Corporate Author: | |
| Other Authors: | |
| Format: | Book |
| Language: | Czech |
| Published: |
Praha
Vysoká škola ekonomická. Nakladatelství Oeconomica
2003
|
| Subjects: | |
| Tags: |
No Tags, Be the first to tag this record!
|
MARC
| LEADER | 00000nam$a2200000$$$4500 | ||
|---|---|---|---|
| 001 | 0002398 | ||
| 005 | 20240223112419.6 | ||
| 020 | |a 80-245-0499-5 | ||
| 041 | 0 | |a cze | |
| 044 | |a CZ | ||
| 245 | 1 | 0 | |a Všeobecné hospodářské dějiny 19. a 20. století |c Jozef Faltus, Václav Průcha |
| 264 | 1 | |a Praha |b Vysoká škola ekonomická. Nakladatelství Oeconomica |c 2003 | |
| 300 | |a 194 s. | ||
| 610 | 2 | 0 | |a dejiny hospodárske |
| 610 | 2 | 0 | |a vývoj hospodársky |
| 610 | 2 | 0 | |a situácia hospodárska |
| 610 | 2 | 0 | |a kapitalizmus |
| 610 | 2 | 0 | |a revolúcia priemyselná |
| 610 | 2 | 0 | |a svet |
| 610 | 2 | 0 | |a hospodárstvo kapitalistické |
| 610 | 2 | 0 | |a hospodárstvo socialistické |
| 610 | 2 | 0 | |a vzťahy hospodárske medzinárodné |
| 100 | 1 | |a Faltus, Jozef | |
| 700 | 1 | |a Průcha, Václav | |
| 710 | 2 | |a Vysoká škola ekonomická v Praze. Národohospodářská fakulta | |